[Event "CHIJ III"]
[Site "SchemingMind.com"]
[Date "2020.04.04"]
[Round "-"]
[White "Kenny Elliott"]
[Black "Steven DuCharme"]
[Result "1-0"]
[WhiteCountry "USA"]
[BlackCountry "USA"]
[WhiteElo "1635"]
[WhiteRD "63"]
[BlackElo "1569"]
[BlackRD "54"]
[GameID "453173"]

1. d4 d5 2. c4 e6 3. Nf3 Bb4+ 4. Bd2 Bxd2+ 5. Nbxd2 Nf6 6. cxd5 O-O 7. dxe6 Bxe6 8. e4 c6 9. Qc2 Nbd7 10. Bc4 Bxc4
11. Qxc4 Nb6 12. Qb4 Re8 13. e5 Nfd5 14. Qb3 f6 15. O-O Kh8 16. Ne4 fxe5 17. Nxe5 Qe7 18. Nc5 g6 19. Qh3 Kg7 20. f4 Rad8
21. Qg3 Kh8 22. Rae1 Nc8 23. Nxg6+ hxg6 24. Rxe7 Ncxe7 25. Qh4+ Kg7 26. Ne6+
1-0

[Event "CHIJ III"]
[Site "SchemingMind.com"]
[Date "2020.04.05"]
[Round "-"]
[White "Steven DuCharme"]
[Black "theredguard"]
[Result "0-1"]
[WhiteCountry "USA"]
[BlackCountry "USA"]
[WhiteElo "1569"]
[WhiteRD "54"]
[BlackElo "1654"]
[BlackRD "139"]
[GameID "453174"]

1. g3 c6 2. Bg2 Nf6 3. b3 d5 4. Bb2 Nbd7 5. Nf3 Qc7 6. d4 e6 7. O-O c5 8. Nbd2 Bd6 9. Re1 Nf8 10. e4 dxe4
11. Nxe4 Nxe4 12. Rxe4 Ng6 13. dxc5 Bxc5 14. b4 Bb6 15. Bxg7 Rg8 16. Be5 Nxe5 17. Rxe5 Bd7 18. a4 Bc6 19. a5 Bxf3 20. Qxf3 Qxe5
21. Qxb7 Qxa1+ 22. Bf1 Bxf2+ 23. Kxf2 Qd4+ 24. Ke1 Rd8 25. Bd3 Rg5 26. Qc6+ Kf8
0-1

[Event "CHIJ III"]
[Site "SchemingMind.com"]
[Date "2020.04.04"]
[Round "-"]
[White "splinter"]
[Black "Steven DuCharme"]
[Result "1-0"]
[WhiteCountry "CAN"]
[BlackCountry "USA"]
[WhiteElo "1846"]
[WhiteRD "71"]
[BlackElo "1569"]
[BlackRD "54"]
[GameID "453175"]

1. c4 c5 2. Nf3 Nc6 3. Nc3 Nf6 4. g3 g6 5. Bg2 Bg7 6. O-O d5 7. cxd5 Nxd5 8. Nxd5 Qxd5 9. d3 O-O 10. Be3 Qd6
11. Qc1 Nd4 12. Nxd4 cxd4 13. Bh6 e5 14. Bxg7 Kxg7 15. Qd2 Rb8 16. Rfc1 Be6 17. b3 Rfc8 18. Rxc8 Bxc8 19. Rc1 Bd7 20. Qa5 a6
21. Qc7 Qxc7 22. Rxc7 Bc8 23. Bd5 Kh6 24. Rxf7 b6 25. Rf8 Kg7 26. Rd8
1-0

[Event "CHIJ III"]
[Site "SchemingMind.com"]
[Date "2020.04.07"]
[Round "-"]
[White "Paul Clarkson"]
[Black "Steven DuCharme"]
[Result "1-0"]
[WhiteCountry "CAN"]
[BlackCountry "USA"]
[WhiteElo "2015"]
[WhiteRD "93"]
[BlackElo "1568"]
[BlackRD "59"]
[GameID "453176"]

1. d4 Nf6 2. Bf4 d6 3. e3 g6 4. Nf3 Bg7 5. Be2 O-O 6. O-O Nh5 7. Bg5 h6 8. Bh4 Bg4 9. Nfd2 Bxe2 10. Qxe2 Nd7
11. c4 Nhf6 12. Nc3 e5 13. d5 g5 14. Bg3 a6 15. b4 h5 16. h3 Re8 17. Nde4 Nxe4 18. Nxe4 f5 19. Nd2 g4 20. Rab1 h4
21. Bh2 Qg5 22. hxg4 fxg4 23. g3 hxg3 24. Bxg3 Kf7 25. f4 exf4 26. Rxf4+ Qxf4 27. Bxf4 Bd4 28. Qd3 Bg7 29. Rf1 Nf6 30. Bg5 Rh8
31. Bxf6 Bxf6 32. Qf5 Rh6 33. Ne4 Rah8 34. Qd7+
1-0

[Event "CHIJ III"]
[Site "SchemingMind.com"]
[Date "2020.04.04"]
[Round "-"]
[White "theredguard"]
[Black "Kenny Elliott"]
[Result "1-0"]
[WhiteCountry "USA"]
[BlackCountry "USA"]
[WhiteElo "1654"]
[WhiteRD "139"]
[BlackElo "1635"]
[BlackRD "63"]
[GameID "453177"]

1. e4 c5 2. Nf3 d6 3. c3 Bg4 4. h3 Bh5 5. Be2 Bxf3 6. Bxf3 e5 7. O-O Qb6 8. Qb3 Nd7 9. d3 Ngf6 10. Nd2 Be7
11. Nc4 Qxb3 12. axb3 O-O 13. Bg5 b5 14. Ne3 h6 15. Bh4 a5 16. Ra2 Ra7 17. Rfa1 Rfa8 18. b4 a4 19. Ra3 cxb4 20. cxb4 g5
21. Bg3 h5 22. h4 g4 23. Bd1 Nb6 24. Nf5 Bf8 25. Rc1 d5 26. Bxe5 Bxb4 27. Raa1 dxe4 28. Bxf6 exd3 29. Rc6 Nd7 30. Bd4 Ra5
31. Rh6 a3 32. Rh8#
1-0

[Event "CHIJ III"]
[Site "SchemingMind.com"]
[Date "2020.04.04"]
[Round "-"]
[White "Kenny Elliott"]
[Black "splinter"]
[Result "0-1"]
[WhiteCountry "USA"]
[BlackCountry "CAN"]
[WhiteElo "1635"]
[WhiteRD "63"]
[BlackElo "1846"]
[BlackRD "71"]
[GameID "453178"]

1. d4 Nf6 2. c4 g6 3. Nc3 Bg7 4. e4 d6 5. Nf3 O-O 6. Be2 e5 7. d5 a5 8. a4 Na6 9. b3 Nc5 10. Ba3 Ncxe4
11. Qc2 Nxc3 12. Qxc3 Re8 13. O-O Bg4 14. Qb2 e4 15. Nd4 Bxe2 16. Qxe2 Nxd5 17. cxd5 Bxd4 18. Rad1 Be5 19. Bb2 Bxb2 20. Qxb2 Re5
21. Rd4 Qd7 22. Re1 f5 23. Qd2 Qg7 24. Re3 Rae8 25. Qxa5 f4 26. Rc3 Rh5 27. Rxc7 Qxd4 28. Rc1 Rxd5
0-1

[Event "CHIJ III"]
[Site "SchemingMind.com"]
[Date "2020.04.04"]
[Round "-"]
[White "Steven DuCharme"]
[Black "Geoffrey Rosser"]
[Result "0-1"]
[WhiteCountry "USA"]
[BlackCountry "ENG"]
[WhiteElo "1576"]
[WhiteRD "56"]
[BlackElo "1949"]
[BlackRD "61"]
[GameID "453179"]

1. c4 c5 2. Nc3 Nc6 3. Nf3 e6 4. d4 cxd4 5. Nxd4 Nxd4 6. Qxd4 Nf6 7. g3 d5 8. Bg2 Bb4 9. O-O O-O 10. cxd5 Bxc3
11. bxc3 exd5 12. Ba3 Re8 13. Rfd1 Rxe2 14. Bxd5 Nxd5 15. Qxd5 Qxd5 16. Rxd5 Be6 17. Rd3 Bxa2 18. Rad1 Rae8 19. Kf1 Bc4 20. Rd8 Rxd8
0-1

[Event "CHIJ III"]
[Site "SchemingMind.com"]
[Date "2020.04.04"]
[Round "-"]
[White "Geoffrey Rosser"]
[Black "Kenny Elliott"]
[Result "1-0"]
[WhiteCountry "ENG"]
[BlackCountry "USA"]
[WhiteElo "1912"]
[WhiteRD "59"]
[BlackElo "1635"]
[BlackRD "63"]
[GameID "453180"]

1. e4 c5 2. Nf3 d6 3. d4 cxd4 4. Nxd4 e5 5. Nb5 a6 6. N5a3 Nf6 7. Nc3 Be7 8. Be2 O-O 9. O-O b5 10. Nd5 Bb7
11. Nxf6+ Bxf6 12. c4 b4 13. Nc2 Bxe4 14. Nxb4 a5 15. Bf3 axb4 16. Bxe4 Ra7 17. Be3 Re7 18. Qa4 Nd7 19. Qxb4 Qb8 20. Bd2 Nc5
21. Qxb8 Rxb8 22. f3 Nxe4 23. fxe4 Rxb2 24. Ba5 Ra7 25. Rfb1 Rxb1+ 26. Rxb1 h6 27. Rb5 Ra8 28. a3 Kh7 29. Bb4 Ra6 30. Kf2 Bg5
31. Ke2 Bc1 32. Rd5 Bxa3 33. Bxa3 Rxa3 34. Rxd6 Rc3 35. Rc6 f6 36. Kd2 Ra3 37. c5 Ra2+ 38. Kd3 Rxg2 39. Rb6 Rxh2 40. c6 Rh3+
41. Kc4 Rh1 42. Rb3 Rc1+ 43. Rc3 Ra1 44. Kd5 Ra8 45. Kd6 h5 46. c7 g5 47. c8=Q Rxc8 48. Rxc8 h4 49. Ke6 Kg6 50. Rg8+ Kh5
51. Kf5 Kh6 52. Kxf6 Kh7 53. Rxg5
1-0

[Event "CHIJ III"]
[Site "SchemingMind.com"]
[Date "2020.04.04"]
[Round "-"]
[White "abuteague"]
[Black "Geoffrey Rosser"]
[Result "1/2-1/2"]
[WhiteCountry "USA"]
[BlackCountry "ENG"]
[WhiteElo "1685"]
[WhiteRD "71"]
[BlackElo "1912"]
[BlackRD "59"]
[GameID "453181"]

1. d4 Nf6 2. Bg5 e6 3. e4 Be7 4. Nd2 O-O 5. Qe2 Nd5 6. Bxe7 Nxe7 7. O-O-O c5 8. dxc5 Qa5 9. Qc4 b6 10. Nb3 Qxa2
11. cxb6 axb6 12. Ne2 Ba6 13. Qb4 Nbc6 14. Qd6 Qa4 15. Nc3 Qb4 16. Qxb4 Nxb4 17. Rxd7 Bxf1 18. Rxf1 Ng6 19. Rb7 Rab8 20. Rxb8 Rxb8
21. g3 Ne5 22. f4 Nc4 23. Rd1 Kf8 24. e5 Ne3 25. Rd2 Ke7 26. Nb5 Rc8 27. c3 Nf1 28. Re2 Nd5 29. N3d4 Ra8 30. Na3 Nxc3
31. bxc3 Rxa3 32. Kb2 Ra8 33. Kb3 h6 34. Kb4 Rc8 35. c4 Rc7 36. Nb5 Rc8 37. Nd6 Rc5 38. Ne4 Rc8 39. Kb5 f6 40. exf6+ gxf6
41. Nd2 Nxd2 42. Rxd2 Rc5+ 43. Kb4 e5 44. fxe5 fxe5 45. g4 e4 46. h4 Kf6 47. Rf2+ Kg6 48. Rf4 Re5 49. Kc3 e3 50. Rf1 e2
51. Re1 Re4 52. Kd3 Rxg4 53. Rxe2 Rxh4 54. Re6+ Kf7 55. Rxb6 h5 56. c5 Rh1 57. c6 Ke7 58. Rb2 Kd6 59. Rc2 Kc7 60. Ke3 h4
61. Kf3 Rg1= 62. Kf2 Rg6 63. Kf3=
1/2-1/2

[Event "CHIJ III"]
[Site "SchemingMind.com"]
[Date "2020.04.04"]
[Round "-"]
[White "David Perna-Fraser"]
[Black "Geoffrey Rosser"]
[Result "1-0"]
[WhiteCountry "CAN"]
[BlackCountry "ENG"]
[WhiteElo "1984"]
[WhiteRD "63"]
[BlackElo "1912"]
[BlackRD "59"]
[GameID "453182"]

1. e4 e5 2. Nf3 Nc6 3. Bb5 Nf6 4. O-O Nxe4 5. Re1 Nd6 6. Bxc6 bxc6 7. Nxe5 Be7 8. d4 O-O 9. c3 Bf6 10. Bf4 Bxe5
11. Bxe5 Nc4 12. b3 Nxe5 13. dxe5 d6 14. f4 dxe5 15. Qxd8 Rxd8 16. fxe5 Be6 17. Na3 Rd3 18. c4 Rad8 19. Nc2 c5 20. Ne3 Kf8
21. Nf1 a5 22. Ng3 Bg4 23. Ne4 Rd1 24. Raxd1 Rxd1 25. Rxd1 Bxd1 26. Nxc5 Ke7 27. Kf2 Bc2 28. Ke3 Bb1 29. a3 Ba2 30. Kd4 c6
31. Nb7 Bxb3 32. Nxa5 Ba4 33. Kc5 Kd7 34. Kb6 g5 35. Nb7 Ke7 36. Nc5 Bc2 37. a4 f5 38. exf6+ Kxf6 39. a5
1-0

[Event "CHIJ III"]
[Site "SchemingMind.com"]
[Date "2020.04.04"]
[Round "-"]
[White "theredguard"]
[Black "Geoffrey Rosser"]
[Result "0-1"]
[WhiteCountry "USA"]
[BlackCountry "ENG"]
[WhiteElo "1360"]
[WhiteRD "96"]
[BlackElo "1907"]
[BlackRD "60"]
[GameID "453183"]

1. e4 e5 2. Nf3 Nc6 3. Bc4 Nf6 4. O-O Be7 5. c3 d5 6. exd5 Nxd5 7. Bb5 f6 8. c4 Nb6 9. d4 Bd7 10. d5 Nb4
11. Bxd7+ Qxd7 12. a3 Na6 13. b3 O-O 14. Qe2 Rae8 15. Nc3 Nc5 16. Rb1 c6 17. b4 Na6 18. Rd1 cxd5 19. c5 Na8 20. Rxd5 Qc8
21. Be3 N8c7 22. Rd2 Rd8 23. Rbd1 Nb8 24. Ne4 a6 25. Nd6 Bxd6 26. cxd6 Na8 27. Rc2 Qe6 28. Rcd2 Nd7 29. Bc5 Rfe8 30. Qe4 b6
31. Be3 f5 32. Qh4 f4 33. Ng5 Qg6 34. Bxf4 exf4 35. Qxf4 h6 36. Qc4+ Kf8
0-1

[Event "CHIJ III"]
[Site "SchemingMind.com"]
[Date "2020.04.07"]
[Round "-"]
[White "Geoffrey Rosser"]
[Black "Raymond de Kemp"]
[Result "1-0"]
[WhiteCountry "ENG"]
[BlackCountry "NED"]
[WhiteElo "1912"]
[WhiteRD "59"]
[BlackElo "1871"]
[BlackRD "66"]
[GameID "453184"]

1. e4 c5 2. Nf3 g6 3. d4 cxd4 4. Qxd4 Nf6 5. Bc4 Nc6 6. Qc3 e6 7. O-O Bg7 8. Bg5 h6 9. Bxf6 Bxf6 10. e5 Nxe5
11. Nxe5 d6 12. Bb5+ Ke7 13. Nxg6+ fxg6 14. Qb3 a6 15. Bd3 Rg8 16. Na3 b5 17. c3 Bd7 18. Qc2 Kf7 19. Qd2 Rc8 20. Qxh6 Bg5
21. Qh7+ Kf6 22. f4 Qb6+ 23. Kh1
1-0

[Event "CHIJ III"]
[Site "SchemingMind.com"]
[Date "2020.04.05"]
[Round "-"]
[White "Geoffrey Rosser"]
[Black "splinter"]
[Result "1-0"]
[WhiteCountry "ENG"]
[BlackCountry "CAN"]
[WhiteElo "1871"]
[WhiteRD "60"]
[BlackElo "1866"]
[BlackRD "71"]
[GameID "453185"]

1. e4 c5 2. Nf3 d6 3. d4 cxd4 4. Nxd4 g6 5. Bb5+ Bd7 6. Bxd7+ Qxd7 7. Nc3 Bg7 8. O-O Nc6 9. Be3 Ne5 10. f3 Nc4
11. Bc1 Qc7 12. Kh1 Qc5 13. Nb3 Qh5 14. Qd5 Qxd5 15. Nxd5 O-O-O 16. c3 e6 17. Ne3 Nxe3 18. Bxe3 b6 19. a4 Kb7 20. a5 Ne7
21. axb6 axb6 22. Nd2 Rc8 23. Ra4 Ra8 24. Rfa1 Rxa4 25. Rxa4 Nc6 26. Nc4 b5 27. Nxd6+ Kb8 28. Nxb5 Rd8 29. Nd4 Bxd4 30. Bxd4 e5
31. Bg1 Rd1 32. h3 Rb1 33. Ra2 Nd8 34. g4 Ne6 35. Kh2 Nf4 36. Be3 Nd3 37. b4 Rb2+ 38. Rxb2 Nxb2 39. Kg3 Nc4 40. Bc1 f6
41. Bh6 Nb6 42. f4 Nd7 43. Bg7 exf4+ 44. Kxf4 Kc7 45. e5 fxe5+ 46. Bxe5+ Kc6 47. Bg7 Kd5 48. Kg5 Ke4 49. Kh6 Kf4 50. Kxh7 Kg3
51. Kxg6 Kxh3 52. Kf5
1-0

[Event "CHIJ III"]
[Site "SchemingMind.com"]
[Date "2020.04.07"]
[Round "-"]
[White "Geoffrey Rosser"]
[Black "Paul Clarkson"]
[Result "1/2-1/2"]
[WhiteCountry "ENG"]
[BlackCountry "CAN"]
[WhiteElo "1871"]
[WhiteRD "60"]
[BlackElo "2015"]
[BlackRD "93"]
[GameID "453186"]

1. e4 e6 2. d4 d5 3. Nd2 Nf6 4. e5 Nfd7 5. f4 c5 6. Ngf3 Nc6 7. c3 a5 8. Bb5 Qb6 9. a4 cxd4 10. Bxc6 bxc6
11. Nxd4 Ba6 12. Qb3 Qc7 13. Qc2 Be7 14. c4 Qb6 15. N2f3 O-O 16. b3 Bb4+ 17. Bd2 Bxd2+ 18. Kxd2 c5 19. Nb5 Bxb5 20. axb5 f6
21. Rhe1 d4 22. f5 fxe5 23. Nxe5 Nxe5 24. Rxe5 exf5 25. Rae1 Qh6+ 26. Kd1 Qxh2 27. Rxc5 Rad8 28. Rxf5 d3 29. Rxf8+ Kxf8 30. Qf2+ Kg8
31. Rf1 Qh5+ 32. Qf3 Qe8 33. Kd2 h6 34. Re1 Qd7 35. Re3 Qd4 36. Rxd3 Qb2+ 37. Kd1 Qxb3+ 38. Kd2 Qb2+ 39. Kd1 Qb1+ 40. Kd2 Qb2+=
1/2-1/2

[Event "CHIJ III"]
[Site "SchemingMind.com"]
[Date "2020.04.04"]
[Round "-"]
[White "abuteague"]
[Black "Steven DuCharme"]
[Result "1/2-1/2"]
[WhiteCountry "USA"]
[BlackCountry "USA"]
[WhiteElo "1685"]
[WhiteRD "71"]
[BlackElo "1569"]
[BlackRD "54"]
[GameID "453187"]

1. d4 Nf6 2. Bg5 Ne4 3. Bf4 d6 4. f3 Nf6 5. e4 g6 6. Nc3 Bg7 7. h4 O-O 8. g4 Nbd7 9. h5 e5 10. dxe5 Nxe5
11. Bxe5 dxe5 12. Qxd8 Rxd8 13. hxg6 hxg6 14. Bd3 a6 15. O-O-O b5 16. g5 Nh5 17. Nd5 Bb7 18. Nxc7 Rac8 19. Nd5 Bxd5 20. exd5 Rxd5
21. Be4 Rxd1+ 22. Kxd1 Rc7 23. Ne2 Rd7+ 24. Kc1 Nf4 25. Nxf4 exf4 26. Rh4 Be5 27. b3 Kg7 28. Rh1 Rc7 29. Rd1 Kf8 30. Rd8+ Ke7
31. Ra8 f5 32. gxf6+ Bxf6 33. Bxg6 Rc6 34. Be4 Rb6 35. c4 bxc4 36. bxc4 Kd6 37. a3 Bb2+ 38. Kc2 Bxa3 39. Kc3 Bc5 40. Rf8 Be3
41. Rf5 Ke6 42. Ra5 Rd6 43. Rd5 Rxd5 44. Bxd5+ Kd6 45. Kb4 Bd2+=
1/2-1/2

[Event "CHIJ III"]
[Site "SchemingMind.com"]
[Date "2020.04.04"]
[Round "-"]
[White "Kenny Elliott"]
[Black "abuteague"]
[Result "1-0"]
[WhiteCountry "USA"]
[BlackCountry "USA"]
[WhiteElo "1625"]
[WhiteRD "65"]
[BlackElo "1727"]
[BlackRD "72"]
[GameID "453188"]

1. d4 d6 2. e4 Nf6 3. Nc3 c6 4. Bg5 h6 5. Bxf6 exf6 6. Nf3 Bg4 7. Be2 Be7 8. O-O O-O 9. h3 Bh5 10. d5 c5
11. Nd2 Bxe2 12. Qxe2 Nd7 13. a4 a6 14. a5 b5 15. axb6 Qxb6 16. Rfb1 Rfb8 17. Nc4 Qc7 18. Ra2 Ne5 19. Rba1 Nxc4 20. Qxc4 a5
21. Nb5 Qb6 22. Nc3 Qb4 23. Qxb4 cxb4 24. Ne2 Rb5 25. Nd4 Rc5 26. b3 Bd8 27. Nf5 Bc7 28. Ne7+ Kh7 29. Nc6 g5 30. Nxb4 axb4
31. Rxa8 Rxc2 32. Rc8 Rc3 33. Raa8 f5 34. exf5 Kg7 35. Kh2 Kf6 36. Ra4 Bb6 37. Rxc3 bxc3 38. Rc4 Kxf5 39. Rxc3 Ke5 40. f3 Kxd5
41. Rc8 h5 42. b4 f6 43. b5 Ke6 44. Rc6 Be3 45. b6 Bf4+ 46. g3 Be5 47. b7 Kd7 48. Rc8 d5 49. b8=Q
1-0

[Event "CHIJ III"]
[Site "SchemingMind.com"]
[Date "2020.04.04"]
[Round "-"]
[White "abuteague"]
[Black "David Perna-Fraser"]
[Result "1/2-1/2"]
[WhiteCountry "USA"]
[BlackCountry "CAN"]
[WhiteElo "1727"]
[WhiteRD "72"]
[BlackElo "1924"]
[BlackRD "65"]
[GameID "453189"]

1. d4 Nf6 2. Bg5 Ne4 3. Bf4 g5 4. Bc1 h6 5. f3 Nf6 6. e4 d5 7. e5 Nh5 8. g4 Ng7 9. Nc3 e6 10. Be3 c6
11. Qd2 b5 12. Nge2 a5 13. f4 gxf4 14. Bxf4 Qh4+ 15. Bg3 Qxg4 16. O-O-O Nf5 17. Nf4 Nxg3 18. hxg3 Qxg3 19. Nh5 Qg6 20. Nf6+ Kd8
21. Bd3 Qg3 22. Rdg1 Qf3 23. Rf1 Qg3 24. Ne2 Qg2 25. Rfg1 Qf3 26. Rf1 Qg2 27. Rfg1=
1/2-1/2

[Event "CHIJ III"]
[Site "SchemingMind.com"]
[Date "2020.04.04"]
[Round "-"]
[White "abuteague"]
[Black "theredguard"]
[Result "1-0"]
[WhiteCountry "USA"]
[BlackCountry "USA"]
[WhiteElo "1685"]
[WhiteRD "71"]
[BlackElo "1654"]
[BlackRD "139"]
[GameID "453190"]

1. d4 d5 2. c4 c5 3. cxd5 Nf6 4. dxc5 Qxd5 5. Qxd5 Nxd5 6. e4 Nf6 7. Nc3 a6 8. Be3 Nc6 9. Nf3 Bg4 10. Be2 e5
11. O-O Be7 12. h3 Bh5 13. Rfe1 O-O 14. a3 Rfd8 15. b4 Rd7 16. Rad1 Rad8 17. Rxd7 Rxd7 18. Rd1 Rxd1+ 19. Bxd1 h6 20. Kf1 Nd7
21. g4 Bg6 22. Nd2 Bg5 23. Bxg5 hxg5 24. f3 f6 25. Nd5 Bf7 26. Nc4 Be6 27. Nd6
1-0

[Event "CHIJ III"]
[Site "SchemingMind.com"]
[Date "2020.04.07"]
[Round "-"]
[White "Raymond de Kemp"]
[Black "abuteague"]
[Result "1-0"]
[WhiteCountry "NED"]
[BlackCountry "USA"]
[WhiteElo "1871"]
[WhiteRD "66"]
[BlackElo "1685"]
[BlackRD "71"]
[GameID "453191"]

1. d4 d6 2. Bf4 Nf6 3. e3 e6 4. Nf3 Be7 5. h4 h6 6. h5 O-O 7. Bd3 Nd5 8. Bg3 Nd7 9. Qd2 c5 10. Na3 cxd4
11. exd4 a6 12. O-O-O b5 13. Nh2 e5 14. Be4 N7b6 15. f4 exf4 16. Bxf4 Nxf4 17. Bxa8 Nxa8 18. Nf3 Bb7 19. Qxf4 Bxf3 20. Qxf3 b4
21. Nc4 d5 22. Ne3 Bg5 23. Kb1 Bxe3 24. Qxe3 a5 25. Rde1 Nb6 26. b3 a4 27. Rh3 axb3 28. cxb3 Nd7 29. Rg3 Nf6 30. Qxh6
1-0

[Event "CHIJ III"]
[Site "SchemingMind.com"]
[Date "2020.04.04"]
[Round "-"]
[White "splinter"]
[Black "abuteague"]
[Result "1-0"]
[WhiteCountry "CAN"]
[BlackCountry "USA"]
[WhiteElo "1846"]
[WhiteRD "71"]
[BlackElo "1685"]
[BlackRD "71"]
[GameID "453192"]

1. c4 d6 2. g3 Nf6 3. Bg2 Nc6 4. Nf3 e5 5. Nc3 Be7 6. O-O O-O 7. d4 exd4 8. Nxd4 Nxd4 9. Qxd4 h6 10. Nd5 Nxd5
11. Qxd5 c6 12. Qh5 Bf6 13. Be4 d5 14. cxd5 cxd5 15. Bd3 Bg5 16. Bxg5 Qxg5 17. Qxg5 hxg5 18. Rac1 Be6 19. Rc7 b6 20. Ba6 Bc8
21. Bxc8 Rfxc8 22. Rfc1 Rxc7 23. Rxc7 Kf8 24. Rd7 f6 25. Rxd5 Kf7 26. Rd7+ Kg6 27. Rb7 f5 28. Kg2 Kf6 29. f4 g4 30. b4 g5
31. fxg5+ Kxg5 32. a4 f4 33. Rg7+ Kf5 34. Rf7+
1-0

[Event "CHIJ III"]
[Site "SchemingMind.com"]
[Date "2020.04.07"]
[Round "-"]
[White "Paul Clarkson"]
[Black "abuteague"]
[Result "1-0"]
[WhiteCountry "CAN"]
[BlackCountry "USA"]
[WhiteElo "2015"]
[WhiteRD "93"]
[BlackElo "1662"]
[BlackRD "78"]
[GameID "453193"]

1. d4 d6 2. Bf4 Nf6 3. e3 e6 4. Nd2 Be7 5. Ngf3 O-O 6. h3 c5 7. c3 cxd4 8. exd4 Nd5 9. Bh2 a6 10. Bd3 Nd7
11. O-O b5 12. Qc2 Bb7 13. Bxh7+ Kh8 14. Bd3 N7f6 15. Rae1 Nc7 16. Ne4 Nxe4 17. Bxe4 Bxe4 18. Rxe4 d5 19. Re5 g6 20. Qd2 Kg7
21. Bf4 Rh8 22. Re3 Ne8 23. Ne5 Bg5 24. Nxf7 Kxf7 25. Bxg5 Qd6 26. Rf3+ Kg7 27. Re1 Nc7 28. Bf6+
1-0

[Event "CHIJ III"]
[Site "SchemingMind.com"]
[Date "2020.04.04"]
[Round "-"]
[White "David Perna-Fraser"]
[Black "Steven DuCharme"]
[Result "1-0"]
[WhiteCountry "CAN"]
[BlackCountry "USA"]
[WhiteElo "1924"]
[WhiteRD "65"]
[BlackElo "1576"]
[BlackRD "56"]
[GameID "453194"]

1. e4 c6 2. d4 d5 3. Nc3 dxe4 4. Nxe4 Nf6 5. Nxf6+ exf6 6. Nf3 Bd6 7. Bd3 O-O 8. Nh4 Re8+ 9. Kf1 Nd7 10. Nf5 Bf8
11. Qg4 Nb6 12. Nh6+ Kh8 13. Nxf7+ Kg8 14. Qh5
1-0

[Event "CHIJ III"]
[Site "SchemingMind.com"]
[Date "2020.04.04"]
[Round "-"]
[White "Kenny Elliott"]
[Black "David Perna-Fraser"]
[Result "0-1"]
[WhiteCountry "USA"]
[BlackCountry "CAN"]
[WhiteElo "1635"]
[WhiteRD "63"]
[BlackElo "1984"]
[BlackRD "63"]
[GameID "453195"]

1. d4 Nf6 2. c4 e6 3. Nc3 Bb4 4. Bd2 Bxc3 5. Bxc3 Ne4 6. Bd2 f5 7. g3 Qf6 8. f3 Nxd2 9. Qxd2 b6 10. Bg2 Bb7
11. O-O-O d6 12. Qc2 O-O 13. e3 Nd7 14. Nh3 Qh6 15. Nf4 a5 16. Kb1 a4 17. a3 e5 18. dxe5 Nxe5 19. Nd5 Bxd5 20. Rxd5 Qxe3
21. f4 Ng4 22. Rd4 Qxd4 23. Bxa8 Rxa8 24. Rc1 Ne3 25. Qe2 Qe4+ 26. Ka1 Re8 27. Qd2 Nxc4 28. Qb4 d5 29. Qxa4 Nd2 30. Qxe4 dxe4
31. Rxc7 e3 32. Rd7 e2
0-1

[Event "CHIJ III"]
[Site "SchemingMind.com"]
[Date "2020.04.09"]
[Round "-"]
[White "David Perna-Fraser"]
[Black "theredguard"]
[Result "1-0"]
[WhiteCountry "CAN"]
[BlackCountry "USA"]
[WhiteElo "1919"]
[WhiteRD "62"]
[BlackElo "1360"]
[BlackRD "96"]
[GameID "453196"]

1. e4 e5 2. Nf3 d6 3. d4 exd4 4. Nxd4 Be7 5. Nc3 Nf6 6. Be2 O-O 7. O-O c5 8. Nf3 Nc6 9. a3 Re8 10. Bb5 Bd7
11. Bc4 a6 12. Ba2 b5 13. Ng5 c4 14. a4 h6 15. axb5 axb5 16. Nf3 Bg4 17. Nxb5 Ra5 18. Nc3
1-0

[Event "CHIJ III"]
[Site "SchemingMind.com"]
[Date "2020.04.07"]
[Round "-"]
[White "Raymond de Kemp"]
[Black "David Perna-Fraser"]
[Result "0-1"]
[WhiteCountry "NED"]
[BlackCountry "CAN"]
[WhiteElo "1871"]
[WhiteRD "66"]
[BlackElo "1984"]
[BlackRD "63"]
[GameID "453197"]

1. d4 Nf6 2. Nf3 d5 3. Bg5 h6 4. Bh4 Bg4 5. Ne5 Bh5 6. h3 Nc6 7. g4 Bg6 8. Nxg6 fxg6 9. Qd3 Kf7 10. Bg2 g5
11. Bg3 Ne4 12. Bxe4 dxe4 13. Qb3+ e6 14. Qxb7 Nxd4 15. Qxe4 Qd5 16. Qxd5 exd5 17. Kd1 h5 18. gxh5 Rxh5 19. c3 Nf5 20. Nd2 g4
21. h4 g5 22. Kc2 gxh4 23. Bxc7 Re8 24. Rae1 h3 25. e4 Bc5 26. exf5 Rxe1 27. Rxe1 Bxf2 28. Rh1 g3 29. Bxg3 Bxg3 30. Nf3 Kf6
31. Kd3 Kxf5 32. Nd4+ Kg4 33. Ne2 h2 34. Ng1 Bf2
0-1

[Event "CHIJ III"]
[Site "SchemingMind.com"]
[Date "2020.04.04"]
[Round "-"]
[White "splinter"]
[Black "David Perna-Fraser"]
[Result "1/2-1/2"]
[WhiteCountry "CAN"]
[BlackCountry "CAN"]
[WhiteElo "1836"]
[WhiteRD "81"]
[BlackElo "1839"]
[BlackRD "74"]
[GameID "453198"]

1. c4 e6 2. g3 Nc6 3. Bg2 f5 4. Nc3 Nf6 5. e3 Bb4 6. Nge2 O-O 7. O-O Bxc3 8. Nxc3 a6 9. d4 Qe8 10. a3 b6
11. d5 exd5 12. cxd5 Ne5 13. b3 d6 14. Bb2 a5 15. Rc1 Ba6 16. Ne2 Nd3 17. Rc2 Nxb2 18. Rxb2 Ne4 19. Re1 Bxe2 20. Qxe2 Qf7
21. Qd3 Nc5 22. Qc4 Qf6 23. Rbb1 Rae8 24. b4 axb4 25. axb4 Ne4 26. Qxc7 Nd2 27. Rbc1 b5 28. Qb6 Rb8 29. Qd4 Qxd4 30. exd4 Nc4
31. Re6 Rfc8 32. Rce1 g6 33. Re7 Ra8 34. Rb7 Rab8 35. Ree7 Rxb7 36. Rxb7 Re8 37. Bf1 Re1 38. Kg2 Re4 39. Rxb5 Rxd4 40. Rb8+ Kg7
41. b5 Nd2 42. b6 Nxf1 43. Kxf1 Rxd5 44. Rb7+ Kh6 45. Rd7 Rd4 46. b7 Rb4 47. Ke2 d5 48. Kd3 d4 49. h4 g5 50. hxg5+ Kxg5
51. Rxh7 Kg4 52. Rg7+ Kf3 53. Rf7 Kxf2 54. Rxf5+ Kxg3 55. Rf7 Kg4 56. Rd7 Kf5=
1/2-1/2

[Event "CHIJ III"]
[Site "SchemingMind.com"]
[Date "2020.04.07"]
[Round "-"]
[White "Paul Clarkson"]
[Black "David Perna-Fraser"]
[Result "1-0"]
[WhiteCountry "CAN"]
[BlackCountry "CAN"]
[WhiteElo "1863"]
[WhiteRD "92"]
[BlackElo "1788"]
[BlackRD "73"]
[GameID "453199"]

1. d4 Nf6 2. Bf4 d6 3. e3 g6 4. Nf3 Bg7 5. Be2 b6 6. O-O Bb7 7. h3 O-O 8. a4 a5 9. c3 Nh5 10. Bh2 Nd7
11. Nbd2 f5 12. Ng5 Nhf6 13. Ne6 Qc8 14. Nxf8 Nxf8 15. Bf3 Bxf3 16. Nxf3 Qb7 17. Qe2 Ne4 18. Nd2 Nxd2 19. Qxd2 e5 20. dxe5 dxe5
21. Rad1 Re8 22. Qd5+ Qxd5 23. Rxd5 c6 24. Rd6 Rc8 25. Rfd1 Kf7 26. g4 fxg4 27. hxg4 g5 28. b4 axb4 29. cxb4 h6 30. Rc1 Ng6
31. Rcxc6 Rxc6 32. Rxc6
1-0

[Event "CHIJ III"]
[Site "SchemingMind.com"]
[Date "2020.04.04"]
[Round "-"]
[White "splinter"]
[Black "theredguard"]
[Result "1-0"]
[WhiteCountry "CAN"]
[BlackCountry "USA"]
[WhiteElo "1850"]
[WhiteRD "71"]
[BlackElo "1360"]
[BlackRD "96"]
[GameID "453200"]

1. c4 d5 2. cxd5 Qxd5 3. Nc3 Qd8 4. Nf3 Bg4 5. Ne5 Bf5 6. e4 Bg6 7. Bb5+ c6 8. Ba4 e6 9. d4 Bb4 10. Nxg6 hxg6
11. Be3 Nf6 12. Bc2 Qc7 13. g3 Nbd7 14. Bd2 Rd8 15. O-O Nb6 16. a3 Be7 17. Bf4 Qc8 18. e5
1-0

[Event "CHIJ III"]
[Site "SchemingMind.com"]
[Date "2020.04.09"]
[Round "-"]
[White "Steven DuCharme"]
[Black "JAHI"]
[Result "0-1"]
[WhiteCountry "USA"]
[BlackCountry "INT"]
[WhiteElo "1599"]
[WhiteRD "55"]
[BlackElo "2039"]
[BlackRD "66"]
[GameID "453201"]

1. d4 d6 2. e4 g6 3. Nf3 Bg4 4. Be2 Bxf3 5. Bxf3 Bg7 6. O-O h6 7. c3 h5 8. h3 h4 9. b3 Nd7 10. Bb2 e6
11. Nd2 Qe7 12. a4 Nh6 13. c4 Kf8 14. e5 Kg8 15. Re1 dxe5 16. dxe5 Rd8 17. Nf1 Nxe5 18. Qxd8+ Qxd8 19. Bxe5 Bxe5 20. Rxe5 Nf5
21. Rd1 Nd4 22. Rb1 Nxf3+ 23. gxf3 Qd3 24. Rb2 Qc3 25. Rbe2 Qxb3 26. Ne3 Qxa4 27. Ng4 Qxc4 28. Nf6+ Kg7 29. Ng4 b6
0-1